[Event "Obro70th Jubilee open Copemhagen CH"]
[Site "Copenhagen"]
[Date "2006.10.20"]
[Round "7"]
[White "Vajda, Szidonia"]
[Black "Hermansson, Emil"]
[Result "1/2-1/2"]
[WhiteElo "2401"]
[BlackElo "2454"]
[PlyCount "72"]
[EventDate "2006.10.14"]
[EventType "swiss"]
[EventRounds "9"]
[EventCountry "DEN"]

1. e4 c5 2. Nf3 Nc6 3. c3 Nf6 4. e5 Nd5 5. d4 cxd4 6. cxd4 d6 7. Bc4 Nb6 8. Bb5
dxe5 9. Nxe5 Bd7 10. Nxd7 Qxd7 11. Nc3 e6 12. O-O Be7 13. Qg4 O-O 14. Bxc6 bxc6
15. Bh6 Bf6 16. Rad1 Kh8 17. Bg5 Bxg5 18. Qxg5 Nd5 19. Rd3 Nxc3 20. bxc3 Qd5
21. Qd2 Rad8 22. Re1 Qa5 23. Re5 Rd5 24. g3 Rfd8 25. f4 g6 26. Qe2 Qb6 27. Rd2
c5 28. Rb2 Qd6 29. Rxd5 Qxd5 30. Rb5 Rc8 31. Rxc5 Rxc5 32. dxc5 Qxc5+ 33. Qf2
Qxc3 34. Qxa7 Qe1+ 35. Kg2 Qe2+ 36. Kg1 Qe1+ 1/2-1/2

[Event "Obro70th Jubilee open Copemhagen CH"]
[Site "Copenhagen"]
[Date "2006.10.18"]
[Round "5"]
[White "Vajda, Szidonia"]
[Black "Antoniewski, Rafal"]
[Result "1/2-1/2"]
[WhiteElo "2401"]
[BlackElo "2509"]
[PlyCount "121"]
[EventDate "2006.10.14"]
[EventType "swiss"]
[EventRounds "9"]
[EventCountry "DEN"]

1. e4 c6 2. d4 d5 3. exd5 cxd5 4. c4 Nf6 5. Nc3 Nc6 6. Nf3 Bg4 7. cxd5 Nxd5 8.
Qb3 Bxf3 9. gxf3 Nb6 10. d5 Nd4 11. Qd1 e5 12. dxe6 fxe6 13. Be3 Bc5 14. b4 O-O
15. bxc5 Nxf3+ 16. Ke2 Qf6 17. cxb6 Qxc3 18. Bg2 Qb2+ 19. Kf1 Rad8 20. Bxf3
Rxd1+ 21. Rxd1 Rxf3 22. bxa7 Rf8 23. Kg2 Qc2 24. h3 b6 25. Rhe1 Ra8 26. Rd6
Qe4+ 27. Kg1 Rxa7 28. Rxb6 h6 29. Rb8+ Kh7 30. Bxa7 Qxe1+ 31. Kg2 Qe4+ 32. Kg1
Qg6+ 33. Kh1 Qe4+ 34. Kg1 Qg6+ 35. Kh1 Qf5 36. Rb3 Qa5 37. Be3 Qxa2 38. Rc3
Qd5+ 39. Kg1 Qf3 40. Kh2 g5 41. Rc7+ Kg6 42. Rc1 Kf5 43. Rg1 Ke4 44. Rg4+ Kf5
45. Rg3 Qd1 46. Kg2 Qd5+ 47. Kh2 Ke4 48. Kg1 Qd1+ 49. Kg2 e5 50. Kh2 Qf1 51.
Rg1 Qa6 52. Rg3 Qc6 53. Kg1 Qb7 54. Kh2 Qa8 55. Kg1 Qc6 56. Kh2 Kd5 57. Kg1 Qf6
58. Kg2 Qf5 59. Rg4 e4 60. Rg3 Kc4 61. Kh2 1/2-1/2

[Event "Obro70th Jubilee open Copemhagen CH"]
[Site "Copenhagen"]
[Date "2006.10.15"]
[Round "2"]
[White "Vajda, Szidonia"]
[Black "Schou Moldt, Thomas"]
[Result "1-0"]
[WhiteElo "2401"]
[BlackElo "2186"]
[PlyCount "71"]
[EventDate "2006.10.14"]
[EventType "swiss"]
[EventRounds "9"]
[EventCountry "DEN"]

1. e4 c5 2. Nf3 d6 3. d4 cxd4 4. Nxd4 Nf6 5. f3 a6 6. c4 e6 7. Nc3 Be7 8. Be3
O-O 9. Be2 b6 10. O-O Bb7 11. Kh1 Nbd7 12. a4 Rc8 13. a5 Qc7 14. Nb3 Bd8 15.
axb6 Qb8 16. Na4 Bc6 17. c5 Bxa4 18. Rxa4 Nxc5 19. Nxc5 dxc5 20. Bxa6 Rc6 21.
b7 Bb6 22. Qa1 Qe5 23. b4 Qh5 24. Bf4 Bc7 25. Bxc7 Rxc7 26. Ra5 Nd7 27. Rc1 Rd8
28. Rb5 Nb8 29. Rbxc5 Rxc5 30. Rxc5 Qh4 31. Rc8 Nxa6 32. g3 Qg5 33. Qxa6 Qd2
34. Rxd8+ Qxd8 35. Qa8 Qxa8 36. bxa8=Q# 1-0

[Event "Obro70th Jubilee open Copemhagen CH"]
[Site "Copenhagen"]
[Date "2006.10.16"]
[Round "3"]
[White "Varga, Zoltan"]
[Black "Brondum, Eric"]
[Result "1-0"]
[WhiteElo "2508"]
[BlackElo "2175"]
[PlyCount "75"]
[EventDate "2006.10.14"]
[EventType "swiss"]
[EventRounds "9"]
[EventCountry "DEN"]

1. e4 c5 2. Nf3 d6 3. d4 cxd4 4. Nxd4 Nf6 5. f3 e5 6. Nb3 Be6 7. c4 a5 8. Be3
a4 9. Nc1 Be7 10. Be2 Qa5+ 11. Qd2 Qxd2+ 12. Kxd2 Bd8 13. Nc3 Nc6 14. Rd1 Ba5
15. Kc2 Bxc3 16. Kxc3 Ke7 17. Nd3 Rhc8 18. Nb4 b5 19. Nxc6+ Rxc6 20. c5 d5 21.
Kb4 dxe4 22. Bxb5 Nd5+ 23. Rxd5 Bxd5 24. Rd1 Rd8 25. Rxd5 Rxd5 26. fxe4 Rd1 27.
Bxc6 Rd3 28. Bf2 Rd2 29. Bg3 f6 30. b3 Rxa2 31. bxa4 Rb2+ 32. Ka5 Kd8 33. Be1
Kc7 34. Bd5 Rxg2 35. Kb5 Rxh2 36. Ba5+ Kb8 37. Bb6 Rb2+ 38. Kc6 1-0

[Event "Obro70th Jubilee open Copemhagen CH"]
[Site "Copenhagen"]
[Date "2006.10.14"]
[Round "1"]
[White "Varga, Zoltan"]
[Black "Larsen, Thomas Gjerken"]
[Result "1-0"]
[WhiteElo "2508"]
[BlackElo "2109"]
[PlyCount "41"]
[EventDate "2006.10.14"]
[EventType "swiss"]
[EventRounds "9"]
[EventCountry "DEN"]

1. e4 e6 2. d4 d5 3. exd5 exd5 4. Nf3 Nf6 5. c4 Be7 6. Nc3 O-O 7. h3 c6 8. Bd3
Re8 9. O-O dxc4 10. Bxc4 Nd5 11. Qb3 Be6 12. Qxb7 Nd7 13. Bxd5 cxd5 14. Nxd5
Bd6 15. Nf4 Bf5 16. Qd5 Bxf4 17. Qxf5 Bc7 18. Bg5 f6 19. Bd2 Nb6 20. Rfe1 Qd6
21. Qb5 1-0

[Event "Obro70th Jubilee open Copemhagen CH"]
[Site "Copenhagen"]
[Date "2006.10.20"]
[Round "7"]
[White "Varga, Zoltan"]
[Black "Rasmussen, Allan Stig"]
[Result "1-0"]
[WhiteElo "2508"]
[BlackElo "2394"]
[PlyCount "87"]
[EventDate "2006.10.14"]
[EventType "swiss"]
[EventRounds "9"]
[EventCountry "DEN"]

1. e4 c6 2. c4 d5 3. cxd5 cxd5 4. exd5 Nf6 5. Bb5+ Nbd7 6. Nc3 a6 7. Be2 b5 8.
Nf3 b4 9. Na4 Nxd5 10. d4 e6 11. O-O Bb7 12. Bd2 Be7 13. Qb3 Qb8 14. Rfc1 O-O
15. Ne1 Qa7 16. Nc2 Rab8 17. Qh3 Rfd8 18. Bd3 Nf8 19. b3 Ng6 20. Re1 Bc6 21.
Nb2 Bf6 22. Qg4 Nc3 23. Bxg6 hxg6 24. Nxb4 Rxb4 25. Bxc3 Rb5 26. h4 Rh5 27. Nc4
Bxd4 28. Qg3 Qe7 29. Bxd4 Rxd4 30. Re5 Rdxh4 31. Rxh5 gxh5 32. Ne3 Rd4 33. Re1
Bb7 34. Qe5 Qf6 35. Qb8+ Kh7 36. Qxb7 Rd2 37. Qe4+ g6 38. Rf1 Rxa2 39. Nc4 Qg5
40. Ne5 Kg7 41. Nd7 Ra5 42. Qd4+ e5 43. Qc3 Rd5 44. f4 1-0

[Event "Obro70th Jubilee open Copemhagen CH"]
[Site "Copenhagen"]
[Date "2006.10.18"]
[Round "5"]
[White "Varga, Zoltan"]
[Black "Hermansson, Emil"]
[Result "0-1"]
[WhiteElo "2508"]
[BlackElo "2454"]
[PlyCount "78"]
[EventDate "2006.10.14"]
[EventType "swiss"]
[EventRounds "9"]
[EventCountry "DEN"]

1. e4 c5 2. Nf3 Nc6 3. d4 cxd4 4. Nxd4 Nf6 5. Nc3 e5 6. Ndb5 d6 7. Bg5 a6 8.
Na3 b5 9. Nd5 Be7 10. Nxe7 Nxe7 11. Bd3 d5 12. exd5 Qxd5 13. Qd2 O-O 14. O-O-O
e4 15. Bxf6 gxf6 16. Qe3 exd3 17. Qxe7 Bf5 18. Qxf6 Bg6 19. b3 Rac8 20. Kb2 Rc6
21. Qf4 Re8 22. Rhe1 Rxe1 23. Rxe1 dxc2 24. Rc1 Qc5 25. Qe3 Qxe3 26. fxe3 Rf6
27. g4 Rf3 28. Nxc2 Rf2 29. Kc3 Rxh2 30. a4 Bxc2 31. Rxc2 b4+ 32. Kd3 Rxc2 33.
Kxc2 Kg7 34. Kd3 Kg6 35. Kc4 Kg5 36. Kxb4 f5 37. Kc3 fxg4 38. Kd2 a5 39. b4 g3
0-1

[Event "Obro70th Jubilee open Copemhagen CH"]
[Site "Copenhagen"]
[Date "2006.10.19"]
[Round "6"]
[White "Werner, Gert"]
[Black "Aagaard, Kasper"]
[Result "1/2-1/2"]
[WhiteElo "2035"]
[BlackElo "1947"]
[PlyCount "88"]
[EventDate "2006.10.14"]
[EventType "swiss"]
[EventRounds "9"]
[EventCountry "DEN"]

1. Nf3 d6 2. d4 Bg4 3. Nbd2 g6 4. g3 Bg7 5. Bg2 c6 6. O-O Nd7 7. h3 Bxf3 8.
Nxf3 Ngf6 9. b3 O-O 10. Bb2 Qc7 11. c4 Rfe8 12. Qc2 e5 13. e3 Rac8 14. Rac1 Qb8
15. dxe5 Nxe5 16. Nxe5 dxe5 17. Rfd1 Red8 18. Rxd8+ Rxd8 19. Rd1 Ne8 20. c5 Nc7
21. Rd2 Ne6 22. b4 a5 23. Rxd8+ Qxd8 24. b5 cxb5 25. Bxb7 Qc7 26. c6 Bf8 27.
Qd3 b4 28. Qd5 Bd6 29. e4 Kf8 30. Bc1 Bc5 31. Bb2 Bd6 32. Ba6 Ke7 33. Bb5 Kf8
34. Ba4 Ke7 35. Kg2 Kf8 36. h4 h5 37. Bc1 Qd8 38. Be3 Bc7 39. Bb3 Qxd5 40. exd5
Nd4 41. Kf1 Ke7 42. Bxd4 exd4 43. Ke2 Kd6 44. Kd3 Bb6 1/2-1/2

[Event "Obro70th Jubilee open Copemhagen CH"]
[Site "Copenhagen"]
[Date "2006.10.21"]
[Round "8"]
[White "Werner, Gert"]
[Black "Petersen, Martin Reib"]
[Result "1/2-1/2"]
[WhiteElo "2035"]
[BlackElo "1948"]
[PlyCount "78"]
[EventDate "2006.10.14"]
[EventType "swiss"]
[EventRounds "9"]
[EventCountry "DEN"]

1. Nf3 Nf6 2. g3 g6 3. b4 c6 4. c4 Bg7 5. Bb2 d5 6. Na3 Be6 7. Rc1 a5 8. b5
dxc4 9. bxc6 Nxc6 10. Nxc4 O-O 11. Bg2 b5 12. Nce5 Nxe5 13. Nxe5 Bd5 14. Nc6
Bxc6 15. Bxc6 Rc8 16. O-O Qb6 17. Bg2 h5 18. e3 Rfd8 19. Rxc8 Rxc8 20. Qb1 b4
21. Rc1 Qe6 22. Rxc8+ Qxc8 23. Bd4 Qc4 24. Qb2 Ne8 25. Bxg7 Nxg7 26. d4 Nf5 27.
Bf1 Qc6 28. h4 Nd6 29. Qb3 Nb5 30. Bc4 Nd6 31. Bd3 Kg7 32. Kf1 Ne4 33. Bxe4
Qxe4 34. Ke2 Qc6 35. Kd3 Qc1 36. Qc2 Qf1+ 37. Qe2 Qb1+ 38. Qc2 Qf1+ 39. Qe2
Qb1+ 1/2-1/2

[Event "Obro70th Jubilee open Copemhagen CH"]
[Site "Copenhagen"]
[Date "2006.10.17"]
[Round "4"]
[White "Werner, Gert"]
[Black "Schou Moldt, Thomas"]
[Result "0-1"]
[WhiteElo "2035"]
[BlackElo "2186"]
[PlyCount "46"]
[EventDate "2006.10.14"]
[EventType "swiss"]
[EventRounds "9"]
[EventCountry "DEN"]

1. Nf3 Nf6 2. c4 d6 3. g3 e5 4. Bg2 g6 5. d4 e4 6. Ng5 Qe7 7. Nc3 Bf5 8. Nh3 h6
9. Nf4 c6 10. h4 Bg7 11. d5 c5 12. Be3 Nbd7 13. Qa4 O-O 14. Qc2 a6 15. O-O Nb6
16. b3 Ng4 17. Qd2 Nxe3 18. Qxe3 Bd4 19. Qd2 e3 20. Qb2 exf2+ 21. Kh2 g5 22. e4
gxf4 23. exf5 Qe3 0-1

[Event "Obro70th Jubilee open Copemhagen CH"]
[Site "Copenhagen"]
[Date "2006.10.15"]
[Round "2"]
[White "Werner, Gert"]
[Black "Akdag, Dara Sevkan"]
[Result "1-0"]
[WhiteElo "2035"]
[BlackElo "1989"]
[PlyCount "159"]
[EventDate "2006.10.14"]
[EventType "swiss"]
[EventRounds "9"]
[EventCountry "DEN"]

1. Nf3 Nf6 2. g3 e6 3. Bg2 d5 4. O-O Bd6 5. d4 b5 6. b3 Nbd7 7. Bb2 O-O 8. Nbd2
c5 9. c4 bxc4 10. bxc4 Nb6 11. cxd5 exd5 12. dxc5 Bxc5 13. Rc1 Bd6 14. Nd4 Qe8
15. Re1 Ne4 16. Nxe4 dxe4 17. Nc6 Qe6 18. Qd4 f6 19. Red1 Be5 20. Nxe5 fxe5 21.
Qxe5 Qxe5 22. Bxe5 Bf5 23. Rc7 Rf7 24. e3 Rxc7 25. Bxc7 Rc8 26. Rd8+ Rxd8 27.
Bxd8 Be6 28. Bxb6 axb6 29. Bxe4 Bxa2 30. Kf1 Kf7 31. Bd3 g6 32. Ke2 Ke6 33. Kd2
Kd5 34. h4 Kc5 35. h5 Bf7 36. hxg6 hxg6 37. Bb1 b5 38. f4 b4 39. g4 g5 40. fxg5
Bg8 41. g6 Kd6 42. g5 Ke5 43. Ke2 Bd5 44. g7 Bg8 45. Kf3 b3 46. Kg4 Bf7 47. Bg6
Be6+ 48. Kf3 Bc4 49. Bh7 b2 50. Bb1 Bg8 51. Ke2 Ke6 52. Kd2 Kf7 53. Kc3 Kxg7
54. Kxb2 Be6 55. Kc3 Kf7 56. Kd4 Ke7 57. Ke5 Bg4 58. Bf5 Bd1 59. e4 Bb3 60. Kf4
Bc4 61. e5 Bb3 62. g6 Kf8 63. Ke3 Ba4 64. Kd4 Ke7 65. Kc5 Bb3 66. Bg4 Bc2 67.
Bh5 Ke6 68. Kd4 Bf5 69. g7 Bh7 70. Bg6 Bg8 71. Ke4 Ke7 72. Kf4 Ke6 73. Ke4 Ke7
74. Kf5 Be6+ 75. Kg5 Bg8 76. Bf5 Kf7 77. Kh6 Ke7 78. Kg6 Ke8 79. Kf6 Kd8 80.
Be6 1-0